| 000 | 00743 a2200253 4500 | ||
|---|---|---|---|
| 003 | Nust | ||
| 005 | 20170207154051.0 | ||
| 010 | _a 2010362996 | ||
| 020 | _a0863419631 (pbk.) | ||
| 020 | _a1849191034 (pdf.) | ||
| 020 | _a9780863419638 (pbk.) | ||
| 020 | _a9781849191036 (pdf.) | ||
| 035 | _a(OCoLC)ocn318672801 | ||
| 040 | _cNust | ||
| 082 | 0 | 4 | _a621.38833 |
| 100 | 1 | _aBock, Alois. | |
| 245 | 1 | 0 |
_aVideo compression systems -(E-BOOK) _cAlois M. Bock. |
| 246 | 1 | _aFrom first principles to concatenated codecs | |
| 260 |
_aStevenage : _bInstitution of Engineering and Technology, _c2009. |
||
| 300 |
_axx, 274 p. : _bill. ; _c24 cm. |
||
| 440 | 0 |
_aIET telecommunications series ; _v53 |
|
| 650 | 0 | _aVideo compression. | |
| 651 | _aE-BOOK | ||
| 942 |
_2ddc _cBK |
||
| 999 |
_c193122 _d193122 |
||